Liste des Pokémon ayant au moins 130 de base stat en Attaque Spéciale - Statistiques

Statistiques générales
  • Ce quiz a été pris 62 fois
  • Le résultat moyen est 51 sur 85
Statistiques - réponses
Type Principal Pokémon Attaque Spéciale % Correct
Eau Kyogre 150
96%
Psy Mewtwo 154
96%
Psy Alakazam 135
93%
Acier Dialga 150
93%
Dragon Kyurem 130
93%
Psy Méga Mewtwo Y 194
93%
Dragon Rayquaza 150
93%
Dragon Reshiram 150
93%
Eau Palkia 150
89%
Fée Xerneas 131
89%
Ténèbres Yveltal 131
89%
Dragon Kyurem Blanc 170
85%
Dragon Méga Rayquaza 180
85%
Psy Lunala 137
81%
Feu Méga Dracaufeu Y 159
81%
Spectre Méga Ectoplasma 170
81%
Psy Méga Mewtwo X 154
81%
Psy Necrozma Ailes de l'Aurore 157
81%
Eau Primo Kyogre 180
81%
Psy Deoxys 150
78%
Spectre Ectoplasma 130
78%
Psy Hoopa 150
78%
Psy Méga Alakazam 175
78%
Électrik Miraidon 135
78%
Sol Primo Groudon 150
78%
Électrik Câblifère 173
74%
Psy Deoxys Attaque 180
74%
Dragon Méga Latios 160
74%
Psy Ultra Necrozma 167
74%
Insecte Cancrelove 137
70%
Plante Méga Jungko 145
70%
Dragon Méga Latias 140
70%
Ténèbres Darkrai 135
67%
Poison Éthernatos 145
67%
Feu Heatran 130
67%
Dragon Latios 130
67%
Psy Méga Gardevoir 165
67%
Spectre Flotte-Mèche 135
63%
Spectre Lugulabre 145
63%
Roche Méga Diancie 160
63%
Feu Méga Dracaufeu X 130
63%
Combat Méga Lucario 140
63%
Eau Méga Tortank 135
63%
Insecte Pyrax 135
63%
Psy Sylveroy Cavalier d'Effroi 165
63%
Électrik Méga Pharamp 165
59%
Feu Pierroteknik 151
59%
Psy Hoopa Déchaîné 170
56%
Électrik Méga Élecsprint 135
56%
Spectre Spectreval 145
56%
Feu Volcanion 130
56%
Acier Dialga Origine 150
52%
Insecte Lucanon 145
52%
Eau Palkia Origine 150
52%
Ténèbres Yuyu 135
52%
Roche Floréclat 130
48%
Électrik Fulguris Totémique 145
48%
Feu Méga Braségali 130
48%
Ténèbres Méga Démolosse 140
48%
Eau Sachanobi 153
48%
Feu Darumacho Mode Transe 140
44%
Électrik Ire-Foudre 137
44%
Feu Méga Camérupt 145
44%
Psy Mentali 130
44%
Acier Exagide Forme Assaut 140
41%
Eau Froussardine Forme Banc 140
41%
Acier Gromago 133
41%
Électrik Magnézone 130
41%
Psy Sorcilence 136
41%
Psy Tokopiyon 130
41%
Glace Givrali 130
37%
Plante Méga Blizzaroi 132
37%
Normal Méga Roucarnage 135
37%
Normal Terapagos Stellaire 130
37%
Feu Mite-de-Fer 140
33%
Normal Porygon-Z 135
33%
Acier Magearna 130
30%
Eau Méga Flagadoss 130
30%
Fée Amovénus 135
26%
Spectre Corayôme 145
26%
Poison Fortusimia 130
22%
Sol Ursaking Lune Vermeille 135
22%
Fée Amovénus Totémique 135
19%
Spectre Polthégeist 134
11%
Normal Draïeul 135
4%
Aucun quiz correspondant
Distribution des résultats
% des personnes avec chaque résultat
Percentile par nombre de réponses
Votre historique - résultats
Vous n’avez pas pris ce quiz